[Event "4NCL Division 1a"]
[Site "De Vere, Staverton Park ENG"]
[Date "2013.02.23"]
[Round "5.128"]
[White "Eggleston, David J"]
[Black "Chevannes, Sabrina L"]
[Result "1-0"]
[WhiteElo "2343"]
[BlackElo "2083"]
[PlyCount "63"]
[EventDate "2013.02.23"]
[WhiteTeam "Cheddleton 1"]
[BlackTeam "Cambridge University 1"]

1. e4 c6 2. d4 d5 3. Nc3 g6 4. h3 Bg7 5. Nf3 Nh6 6. Bd3 O-O 7. Qe2 f6 8. exd5
cxd5 9. Nxd5 Kh8 10. Nc3 Nc6 11. Be3 Nf5 12. O-O e5 13. dxe5 fxe5 14. Bxf5 Bxf5
15. Rad1 Qc8 16. Nb5 e4 17. Nfd4 Ne5 18. Nd6 Qd7 19. N4xf5 gxf5 20. Nxe4 Qc6
21. Ng5 Qg6 22. Bd4 Qxg5 23. Bxe5 f4 24. Rfe1 f3 25. Bxg7+ Qxg7 26. Qe5 Rf6 27.
g3 Raf8 28. Rd4 Qh6 29. Rg4 Rc8 30. Rd1 Qf8 31. Rf4 Rcc6 32. Rxf3 1-0

[Event "4NCL Division 1a"]
[Site "De Vere, Staverton Park ENG"]
[Date "2013.02.23"]
[Round "5.132"]
[White "Roberson, Peter T"]
[Black "Collins, Sam E"]
[Result "0-1"]
[WhiteElo "2381"]
[BlackElo "2482"]
[PlyCount "78"]
[EventDate "2013.02.23"]
[WhiteTeam "Sambuca Sharks"]
[BlackTeam "Barbican 4NCL 1"]

1. e4 e5 2. Nf3 Nc6 3. Bb5 f5 4. Nc3 Nf6 5. exf5 e4 6. Ng5 d5 7. d3 h6 8. Ne6
Bxe6 9. fxe6 Qd6 10. dxe4 Qxe6 11. O-O dxe4 12. Re1 Bb4 13. Qd4 O-O 14. Bxc6
Bxc3 15. Qxc3 bxc6 16. Be3 Nd5 17. Qc4 Rf6 18. Rad1 Rg6 19. Rd4 Re8 20. Bd2 Qg4
21. g3 Rge6 22. Qe2 Qf5 23. c4 Nf6 24. Bc3 Ng4 25. Rd7 Rg6 26. Red1 e3 27. f3
Nf2 28. Rd8 Rge6 29. R1d7 Rxd8 30. Rxd8+ Kh7 31. Rd7 Rg6 32. Re7 Nh3+ 33. Kf1
Nf4 34. Qxe3 Qh3+ 35. Kf2 Qxh2+ 36. Kf1 Qh3+ 37. Kf2 Qxg3+ 38. Kf1 Qh3+ 39. Ke1
Ng2+ 0-1